<?xml version="1.0" encoding="UTF-8"?><?xml-stylesheet type="text/xsl" href="static/style.xsl"?><OAI-PMH xmlns="http://www.openarchives.org/OAI/2.0/" xmlns:xsi="http://www.w3.org/2001/XMLSchema-instance" xsi:schemaLocation="http://www.openarchives.org/OAI/2.0/ http://www.openarchives.org/OAI/2.0/OAI-PMH.xsd"><responseDate>2026-04-29T06:16:03Z</responseDate><request verb="GetRecord" identifier="oai:repisalud.isciii.es:20.500.12105/26312" metadataPrefix="marc">https://repisalud.isciii.es/rest/oai/request</request><GetRecord><record><header><identifier>oai:repisalud.isciii.es:20.500.12105/26312</identifier><datestamp>2025-12-18T12:58:21Z</datestamp><setSpec>com_20.500.12105_2203</setSpec><setSpec>com_20.500.12105_2202</setSpec><setSpec>col_20.500.12105_19585</setSpec></header><metadata><record xmlns="http://www.loc.gov/MARC21/slim" xmlns:dcterms="http://purl.org/dc/terms/" xmlns:doc="http://www.lyncode.com/xoai" xmlns:xsi="http://www.w3.org/2001/XMLSchema-instance" xsi:schemaLocation="http://www.loc.gov/MARC21/slim http://www.loc.gov/standards/marcxml/schema/MARC21slim.xsd">
   <leader>00925njm 22002777a 4500</leader>
   <datafield ind2=" " ind1=" " tag="042">
      <subfield code="a">dc</subfield>
   </datafield>
   <datafield ind2=" " ind1=" " tag="720">
      <subfield code="a">Instituto de Salud Carlos III. Gabinete de prensa</subfield>
      <subfield code="e">author</subfield>
   </datafield>
   <datafield ind2=" " ind1=" " tag="260">
      <subfield code="c">2025-01-29</subfield>
   </datafield>
   <datafield ind2=" " ind1=" " tag="520">
      <subfield code="a">Representantes de la Infraestructura Europea de Investigación de Agentes Altamente Patogénicos (ERINHA) han visitado el Instituto de Salud Carlos III. El objetivo del encuentro ha sido seguir reforzando la colaboración entre el ISCIII y ERINHA, y avanzar en los objetivos conjuntos de investigación y vigilancia de microorganismos patógenos e infecciones microbiológicas ligadas a posibles riesgos para la salud pública, armonizando abordajes, impulsando la formación y consolidando el desarrollo de buenas prácticas. La Infraestructura Europea de Agentes Altamente Patógenos (ERINHA) está dedicada al estudio de patógenos, ayudando a reforzar la capacidad de respuesta de la UE frente a epidemias globales. En el encuentro ISCIII-ERINHA se ha actualizado el desarrollo del Proyecto INTERCEPTOR (INTERnational Cooperation of high containment research infrastructures: from Epidemic Preparedness TO Response), un consorcio impulsado por ERINHA y con participación del ISCIII en torno a la labor de los laboratorios de alta contención (HCL, por sus siglas en inglés) de Europa y de todo el mundo.</subfield>
   </datafield>
   <datafield ind1="8" ind2=" " tag="024">
      <subfield code="a">Noticia publicada en la web del ISCIII el 29/01/2025</subfield>
   </datafield>
   <datafield ind1="8" ind2=" " tag="024">
      <subfield code="a">https://hdl.handle.net/20.500.12105/26312</subfield>
   </datafield>
   <datafield tag="653" ind2=" " ind1=" ">
      <subfield code="a">Infraestructura Europea de Investigación de Agentes Altamente Patogénicos</subfield>
   </datafield>
   <datafield tag="653" ind2=" " ind1=" ">
      <subfield code="a">ERINHA</subfield>
   </datafield>
   <datafield tag="653" ind2=" " ind1=" ">
      <subfield code="a">Microorganismos patógenos</subfield>
   </datafield>
   <datafield tag="653" ind2=" " ind1=" ">
      <subfield code="a">Infecciones microbiológicas</subfield>
   </datafield>
   <datafield tag="653" ind2=" " ind1=" ">
      <subfield code="a">Salud pública</subfield>
   </datafield>
   <datafield tag="653" ind2=" " ind1=" ">
      <subfield code="a">Proyecto INTERCEPTOR</subfield>
   </datafield>
   <datafield ind2="0" ind1="0" tag="245">
      <subfield code="a">El ISCIII y la Infraestructura Europea ERINHA siguen impulsando su colaboración en el estudio de agentes infecciosos altamente patogénicos</subfield>
   </datafield>
</record></metadata></record></GetRecord></OAI-PMH>